000 00643nam a2200193 i 4500
001 33422
003 ES-MaACL
005 20260305063017.0
007 t|
008 030202s1903 fr ||||1| fre d
100 1 _aBinet, Alfred,
_d1857-1911
_928916
245 1 3 _aL' Etude expérimentale de l' intelligence /
_cpar Alfred Binet.
260 _aParĂ­s :
_bC. Reinwald Scheleicher,
_c1903 (
_ePoitiers :
_fBlais et Roy)
300 _a309 p. ;
_c22 cm.
490 1 _aBibliotheque de pedagogie et psychologie
830 0 _aBibliotheque de pedagogie et psychologie
_9229455
852 _aES-MaACL
_jF-11839
999 _c33422
_d33422